<?xml version="1.0" encoding="UTF-8"?>
<record
    xmlns:xsi="http://www.w3.org/2001/XMLSchema-instance"
    xsi:schemaLocation="http://www.loc.gov/MARC21/slim http://www.loc.gov/standards/marcxml/schema/MARC21slim.xsd"
    xmlns="http://www.loc.gov/MARC21/slim">

  <leader>03143cam a2200433 a 4500</leader>
  <controlfield tag="005">20031230185550.0</controlfield>
  <controlfield tag="008">940308s1993    enkab    b    001 0 eng  </controlfield>
  <datafield tag="010" ind1=" " ind2=" ">
    <subfield code="a">ENG-101614</subfield>
  </datafield>
  <datafield tag="020" ind1=" " ind2=" ">
    <subfield code="c">140.00</subfield>
    <subfield code="a">9788178124742</subfield>
  </datafield>
  <datafield tag="020" ind1=" " ind2=" ">
    <subfield code="c">9788178129280</subfield>
    <subfield code="a">210.00</subfield>
  </datafield>
  <datafield tag="035" ind1=" " ind2=" ">
    <subfield code="a">EN-85147</subfield>
  </datafield>
  <datafield tag="035" ind1=" " ind2=" ">
    <subfield code="a">B-423202-213</subfield>
  </datafield>
  <datafield tag="037" ind1=" " ind2=" ">
    <subfield code="b">DBAD/PUB</subfield>
  </datafield>
  <datafield tag="040" ind1=" " ind2=" ">
    <subfield code="a">dpl</subfield>
    <subfield code="b">Eng</subfield>
  </datafield>
  <datafield tag="082" ind1=" " ind2=" ">
    <subfield code="a">000</subfield>
  </datafield>
  <datafield tag="100" ind1="1" ind2=" ">
    <subfield code="9">22405</subfield>
    <subfield code="a">Sharma, Saurabh</subfield>
  </datafield>
  <datafield tag="245" ind1="1" ind2="0">
    <subfield code="a">R. Gupta's popular master guide bank clerks examination Punjab National Bank...and nationalised banks :</subfield>
    <subfield code="b">as per latest pattern of examination/</subfield>
    <subfield code="c">by Saurabh Sharma [and] Karan Deo</subfield>
  </datafield>
  <datafield tag="260" ind1=" " ind2=" ">
    <subfield code="a">New Delhi</subfield>
    <subfield code="b">Ramesh Publishing House</subfield>
    <subfield code="c">2011</subfield>
  </datafield>
  <datafield tag="270" ind1=" " ind2=" ">
    <subfield code="a">12-H, New Daryaganj Road, Opp. Traffic Kotwali</subfield>
    <subfield code="b">New Delhi</subfield>
    <subfield code="e">110002</subfield>
  </datafield>
  <datafield tag="300" ind1=" " ind2=" ">
    <subfield code="a">iv,424p.</subfield>
    <subfield code="c">22cm (pbk)</subfield>
  </datafield>
  <datafield tag="650" ind1=" " ind2="0">
    <subfield code="9">22448</subfield>
  </datafield>
  <datafield tag="651" ind1=" " ind2=" ">
    <subfield code="9">22481</subfield>
  </datafield>
  <datafield tag="700" ind1=" " ind2=" ">
    <subfield code="9">22431</subfield>
    <subfield code="a">Deo, Karan</subfield>
  </datafield>
  <datafield tag="942" ind1=" " ind2=" ">
    <subfield code="2">ddc</subfield>
    <subfield code="c">EN</subfield>
    <subfield code="m">SHA</subfield>
    <subfield code="h">000</subfield>
  </datafield>
  <datafield tag="999" ind1=" " ind2=" ">
    <subfield code="c">48178</subfield>
    <subfield code="d">48178</subfield>
  </datafield>
  <datafield tag="952" ind1=" " ind2=" ">
    <subfield code="0">0</subfield>
    <subfield code="1">0</subfield>
    <subfield code="2">ddc</subfield>
    <subfield code="4">0</subfield>
    <subfield code="7">1</subfield>
    <subfield code="8">NFIC</subfield>
    <subfield code="a">DBAD</subfield>
    <subfield code="b">DBAD</subfield>
    <subfield code="d">2010-10-05</subfield>
    <subfield code="e">DBAd/PUB</subfield>
    <subfield code="g">140.00</subfield>
    <subfield code="l">0</subfield>
    <subfield code="o">SHA</subfield>
    <subfield code="p">EN-85147</subfield>
    <subfield code="r">2010-10-05 00:00:00</subfield>
    <subfield code="t">1</subfield>
    <subfield code="v">140.00</subfield>
    <subfield code="w">2010-10-05</subfield>
    <subfield code="y">EN</subfield>
  </datafield>
  <datafield tag="952" ind1=" " ind2=" ">
    <subfield code="0">0</subfield>
    <subfield code="1">0</subfield>
    <subfield code="2">ddc</subfield>
    <subfield code="4">0</subfield>
    <subfield code="7">0</subfield>
    <subfield code="8">NFIC</subfield>
    <subfield code="a">L</subfield>
    <subfield code="b">L</subfield>
    <subfield code="d">2011-08-01</subfield>
    <subfield code="e">DE/2010/CR/0002704/11.3.11/280/4.3.11/17.3.11/23.3.11</subfield>
    <subfield code="g">210.00</subfield>
    <subfield code="l">3</subfield>
    <subfield code="m">2</subfield>
    <subfield code="o">000 SHA</subfield>
    <subfield code="p">B-423202</subfield>
    <subfield code="r">2021-09-27 00:00:00</subfield>
    <subfield code="s">2021-08-17</subfield>
    <subfield code="t">1</subfield>
    <subfield code="v">210.00</subfield>
    <subfield code="w">2011-08-01</subfield>
    <subfield code="y">EN</subfield>
  </datafield>
  <datafield tag="952" ind1=" " ind2=" ">
    <subfield code="0">0</subfield>
    <subfield code="1">0</subfield>
    <subfield code="2">ddc</subfield>
    <subfield code="4">0</subfield>
    <subfield code="7">1</subfield>
    <subfield code="8">NFIC</subfield>
    <subfield code="a">L</subfield>
    <subfield code="b">L</subfield>
    <subfield code="d">2011-08-01</subfield>
    <subfield code="e">DE/2010/CR/0002704/11.3.11/280/4.3.11/17.3.11/23.3.11</subfield>
    <subfield code="g">210.00</subfield>
    <subfield code="l">0</subfield>
    <subfield code="o">000 SHA</subfield>
    <subfield code="p">B-423203</subfield>
    <subfield code="r">2011-08-01 00:00:00</subfield>
    <subfield code="t">1</subfield>
    <subfield code="v">210.00</subfield>
    <subfield code="w">2011-08-01</subfield>
    <subfield code="y">EN</subfield>
  </datafield>
  <datafield tag="952" ind1=" " ind2=" ">
    <subfield code="0">0</subfield>
    <subfield code="1">0</subfield>
    <subfield code="2">ddc</subfield>
    <subfield code="4">0</subfield>
    <subfield code="7">0</subfield>
    <subfield code="8">NFIC</subfield>
    <subfield code="a">M</subfield>
    <subfield code="b">M</subfield>
    <subfield code="d">2011-08-01</subfield>
    <subfield code="e">DE/2010/CR/0002704/11.3.11/280/4.3.11/17.3.11/23.3.11</subfield>
    <subfield code="g">210.00</subfield>
    <subfield code="l">0</subfield>
    <subfield code="o">000 SHA</subfield>
    <subfield code="p">B-423204</subfield>
    <subfield code="r">2011-08-01 00:00:00</subfield>
    <subfield code="t">5</subfield>
    <subfield code="v">210.00</subfield>
    <subfield code="w">2011-08-01</subfield>
    <subfield code="y">EN</subfield>
  </datafield>
  <datafield tag="952" ind1=" " ind2=" ">
    <subfield code="0">0</subfield>
    <subfield code="1">0</subfield>
    <subfield code="2">ddc</subfield>
    <subfield code="4">0</subfield>
    <subfield code="7">0</subfield>
    <subfield code="8">NFIC</subfield>
    <subfield code="a">M</subfield>
    <subfield code="b">M</subfield>
    <subfield code="d">2011-08-01</subfield>
    <subfield code="e">DE/2010/CR/0002704/11.3.11/280/4.3.11/17.3.11/23.3.11</subfield>
    <subfield code="g">210.00</subfield>
    <subfield code="l">0</subfield>
    <subfield code="o">000 SHA</subfield>
    <subfield code="p">B-423205</subfield>
    <subfield code="r">2011-08-01 00:00:00</subfield>
    <subfield code="t">5</subfield>
    <subfield code="v">210.00</subfield>
    <subfield code="w">2011-08-01</subfield>
    <subfield code="y">EN</subfield>
  </datafield>
  <datafield tag="952" ind1=" " ind2=" ">
    <subfield code="0">0</subfield>
    <subfield code="1">0</subfield>
    <subfield code="2">ddc</subfield>
    <subfield code="4">0</subfield>
    <subfield code="7">0</subfield>
    <subfield code="8">NFIC</subfield>
    <subfield code="a">M</subfield>
    <subfield code="b">M</subfield>
    <subfield code="d">2011-08-01</subfield>
    <subfield code="e">DE/2010/CR/0002704/11.3.11/280/4.3.11/17.3.11/23.3.11</subfield>
    <subfield code="g">210.00</subfield>
    <subfield code="l">0</subfield>
    <subfield code="o">000 SHA</subfield>
    <subfield code="p">B-423206</subfield>
    <subfield code="r">2011-08-01 00:00:00</subfield>
    <subfield code="t">5</subfield>
    <subfield code="v">210.00</subfield>
    <subfield code="w">2011-08-01</subfield>
    <subfield code="y">EN</subfield>
  </datafield>
  <datafield tag="952" ind1=" " ind2=" ">
    <subfield code="0">0</subfield>
    <subfield code="1">0</subfield>
    <subfield code="2">ddc</subfield>
    <subfield code="4">0</subfield>
    <subfield code="7">0</subfield>
    <subfield code="8">NFIC</subfield>
    <subfield code="a">M</subfield>
    <subfield code="b">M</subfield>
    <subfield code="d">2011-08-01</subfield>
    <subfield code="e">DE/2010/CR/0002704/11.3.11/280/4.3.11/17.3.11/23.3.11</subfield>
    <subfield code="g">210.00</subfield>
    <subfield code="l">0</subfield>
    <subfield code="o">000 SHA</subfield>
    <subfield code="p">B-423207</subfield>
    <subfield code="r">2011-08-01 00:00:00</subfield>
    <subfield code="t">5</subfield>
    <subfield code="v">210.00</subfield>
    <subfield code="w">2011-08-01</subfield>
    <subfield code="y">EN</subfield>
  </datafield>
  <datafield tag="952" ind1=" " ind2=" ">
    <subfield code="0">0</subfield>
    <subfield code="1">0</subfield>
    <subfield code="2">ddc</subfield>
    <subfield code="4">0</subfield>
    <subfield code="7">0</subfield>
    <subfield code="8">NFIC</subfield>
    <subfield code="a">M</subfield>
    <subfield code="b">M</subfield>
    <subfield code="d">2011-08-01</subfield>
    <subfield code="e">DE/2010/CR/0002704/11.3.11/280/4.3.11/17.3.11/23.3.11</subfield>
    <subfield code="g">210.00</subfield>
    <subfield code="l">0</subfield>
    <subfield code="o">000 SHA</subfield>
    <subfield code="p">B-423208</subfield>
    <subfield code="r">2011-08-01 00:00:00</subfield>
    <subfield code="t">5</subfield>
    <subfield code="v">210.00</subfield>
    <subfield code="w">2011-08-01</subfield>
    <subfield code="y">EN</subfield>
  </datafield>
  <datafield tag="952" ind1=" " ind2=" ">
    <subfield code="0">0</subfield>
    <subfield code="1">0</subfield>
    <subfield code="2">ddc</subfield>
    <subfield code="4">0</subfield>
    <subfield code="7">0</subfield>
    <subfield code="8">NFIC</subfield>
    <subfield code="a">BL1</subfield>
    <subfield code="b">BL1</subfield>
    <subfield code="d">2011-08-01</subfield>
    <subfield code="e">DE/2010/CR/0002704/11.3.11/280/4.3.11/17.3.11/23.3.11</subfield>
    <subfield code="g">210.00</subfield>
    <subfield code="l">0</subfield>
    <subfield code="o">000 SHA</subfield>
    <subfield code="p">B-423209</subfield>
    <subfield code="r">2011-08-01 00:00:00</subfield>
    <subfield code="t">5</subfield>
    <subfield code="v">210.00</subfield>
    <subfield code="w">2011-08-01</subfield>
    <subfield code="y">EN</subfield>
  </datafield>
  <datafield tag="952" ind1=" " ind2=" ">
    <subfield code="0">0</subfield>
    <subfield code="1">0</subfield>
    <subfield code="2">ddc</subfield>
    <subfield code="4">0</subfield>
    <subfield code="7">0</subfield>
    <subfield code="8">NFIC</subfield>
    <subfield code="a">BL1</subfield>
    <subfield code="b">BL1</subfield>
    <subfield code="d">2011-08-01</subfield>
    <subfield code="e">DE/2010/CR/0002704/11.3.11/280/4.3.11/17.3.11/23.3.11</subfield>
    <subfield code="g">210.00</subfield>
    <subfield code="l">1</subfield>
    <subfield code="m">2</subfield>
    <subfield code="o">000 SHA</subfield>
    <subfield code="p">B-423210</subfield>
    <subfield code="r">2018-11-30 00:00:00</subfield>
    <subfield code="s">2018-10-07</subfield>
    <subfield code="t">5</subfield>
    <subfield code="v">210.00</subfield>
    <subfield code="y">EN</subfield>
  </datafield>
  <datafield tag="952" ind1=" " ind2=" ">
    <subfield code="0">0</subfield>
    <subfield code="1">5</subfield>
    <subfield code="2">ddc</subfield>
    <subfield code="4">0</subfield>
    <subfield code="7">0</subfield>
    <subfield code="8">NFIC</subfield>
    <subfield code="a">BL3</subfield>
    <subfield code="b">BL3</subfield>
    <subfield code="d">2011-08-01</subfield>
    <subfield code="e">DE/2010/CR/0002704/11.3.11/280/4.3.11/17.3.11/23.3.11</subfield>
    <subfield code="g">210.00</subfield>
    <subfield code="l">0</subfield>
    <subfield code="o">000 SHA</subfield>
    <subfield code="p">B-423211</subfield>
    <subfield code="r">2011-08-01 00:00:00</subfield>
    <subfield code="t">1</subfield>
    <subfield code="v">210.00</subfield>
    <subfield code="y">EN</subfield>
  </datafield>
  <datafield tag="952" ind1=" " ind2=" ">
    <subfield code="0">0</subfield>
    <subfield code="1">0</subfield>
    <subfield code="2">ddc</subfield>
    <subfield code="4">0</subfield>
    <subfield code="7">0</subfield>
    <subfield code="8">NFIC</subfield>
    <subfield code="a">NPL</subfield>
    <subfield code="b">NPL</subfield>
    <subfield code="d">2011-08-01</subfield>
    <subfield code="e">DE/2010/CR/0002704/11.3.11/280/4.3.11/17.3.11/23.3.11</subfield>
    <subfield code="g">210.00</subfield>
    <subfield code="l">0</subfield>
    <subfield code="o">000 SHA</subfield>
    <subfield code="p">B-423212</subfield>
    <subfield code="r">2011-08-01 00:00:00</subfield>
    <subfield code="t">1</subfield>
    <subfield code="v">210.00</subfield>
    <subfield code="w">2011-08-01</subfield>
    <subfield code="y">EN</subfield>
  </datafield>
  <datafield tag="952" ind1=" " ind2=" ">
    <subfield code="0">0</subfield>
    <subfield code="1">0</subfield>
    <subfield code="2">ddc</subfield>
    <subfield code="4">0</subfield>
    <subfield code="7">0</subfield>
    <subfield code="8">NFIC</subfield>
    <subfield code="a">BL4</subfield>
    <subfield code="b">BL4</subfield>
    <subfield code="d">2011-08-01</subfield>
    <subfield code="e">DE/2010/CR/0002704/11.3.11/280/4.3.11/17.3.11/23.3.11</subfield>
    <subfield code="g">210.00</subfield>
    <subfield code="l">0</subfield>
    <subfield code="o">000 SHA</subfield>
    <subfield code="p">B-423213</subfield>
    <subfield code="r">2011-08-01 00:00:00</subfield>
    <subfield code="t">1</subfield>
    <subfield code="v">210.00</subfield>
    <subfield code="w">2011-08-01</subfield>
    <subfield code="y">EN</subfield>
  </datafield>
</record>
